000 02887nam a2200253Ia 4500
003 Ost
005 20260507074935.0
008 260507s9999||||xx |||||||||||||| ||und||
020 _a9957478729
040 _cfsecg
041 _aara
082 _a338.956
100 _aالتميمي، رعد سامي عبد الرزاق
_eمؤلف
245 0 _aالعولمة والتنمية البشرية المستدامة في الوطن العربي /
_c رعد سامي عبد الرزاق التميمي
250 _aطبعة 1
260 _aعمان:
_bدار دجلة,
_c2008
300 _a285 صفحة؛
_bإيضاحات ؛
_c24 سم
504 _aبيبليوغرافيا ص.260-284
520 _aالمحتويات : المقدمة-الفصل الأول : العولمة والتنمية البشرية المستدامة : العولمة والتنمية البشرية : مفهوم العولمة : المفهوم الاقتصادى للعولمة : العولمة والامركة : الجذور التأريخية للعولمة : تطور التنمية البشرية : التنمية البشرية فى الخمسينيات : التنمية البشرية فى الستينيات : التنمية البشرية المستدامة : مفهوم التنمية البشرية المستدامة : مقاييس التنمية البشرية المستدامة : دليل التنمية البشرية (HDI) : التنمية الانسانية ومقاييسها : التنمية الانسانية : مقاييس تقرير التنمية الانسانية العربية-الفصل الثانى : واقع التنمية البشرية فى الوطن العربى : الواقع السياسى والعسكرى : انظمة الحكم وقضية الديموقراطية : الدساتير العربية وقضايا حقوق الانسان : الصراع والنزاعات العسكرية : الصراع العربى-الإسرائيلى : الواقع الاجتماعى : الواقع التعليمى : الواقع البيئى-الفصل الثالث : إنعكاسات العولمة على التنمية البشرية المستدامة فى الوطن العربى : الانعكاسات السياسية والعسكرية : الديموقراطية والتعددية السياسية : الحكم الصالح : عالمية حقوق الانسان : الارهاب الدولى : الانعكاسات الاجتماعية : الانعكاسات الاقتصادية : الشركات متعددة الجنسية : صندوق النقد والبنك الدوليين : منظمة التجارة العالمية : عولمة التجارة : التجارة العربية البينية : التجارة الالكترونية.
653 _aاقتصاد الدولي
653 _aبلدان عربية
653 _aعولمة
942 _cكتاب
999 _c41880
_d41880